| 000 | 00498nam a22001817a 4500 | ||
|---|---|---|---|
| 005 | 20230109101121.0 | ||
| 008 | 221216b |||||||| |||| 00| 0 eng d | ||
| 020 | _a978-93-272-5072-5 | ||
| 041 | _aeng | ||
| 082 | _a623.60 ATW-A | ||
| 100 |
_aATWAL, A.S AND DHALIWAL ,G .S _97353 |
||
| 245 | _aAGRICULTURE PESTS OF SOUTH ASIA AND THEIR MANAGEMENT | ||
| 250 | _a8th ed. | ||
| 260 |
_aLUDHINA _bKALYANI PUBLISHERS _c2020 |
||
| 300 | _a678;P. | ||
| 650 |
_aAGRICULTURE _92837 |
||
| 942 | _cBK | ||
| 999 |
_c8056 _d8054 |
||